000 00280nam a2200109Ia 4500
008 190216s9999||||xx |||||||||||||| ||und||
100 _aKendriya Hindi Nirdeshalay
245 0 _aHindi-Bhasha 1967-September And December
260 _bBharath Sarkar
650 _aHindi
942 _cBK
999 _c15363
_d15363